Television Grab Bag A-Z Quiz Stats

 Plays Quiz not verified by Sporcle

Challenge
Share
Tweet
Embed
Score 0/26 Timer 08:00
0 Plays Today
Hint Answer % Correct
Titles Beginning with 'Everybody'Everybody Loves Raymond, Everybody Hates Chris
91.9%
First Names of Main 4 'Seinfeld' ActorsJerry, Jason, Julia
90.3%
'South Park' First NamesKenny, Kyle
90.3%
'Scooby-Doo' First NamesVelma
87.2%
Shows Starring David DuchovnyThe X-Files
85%
'The Simpsons' First NamesAbe, Agnes, Apu, Arnie, Artie
82.9%
Sports Leagues Televised on NBC in 1990sNFL on NBC, NBA on NBC
79.1%
Sitcoms Starring Ed O'NeillMarried... with Children, Modern Family
76.5%
Titles Beginning with 'Park'Parks and Recreation, Parker Lewis Can't Lose
73.8%
Family Feud Host First NamesRichard, Ray
65%
'Family Matters' SurnamesUrkel
65%
'Leave It to Beaver' First NamesWally, Ward
63.9%
'The Office' (U.S.) SurnamesScott, Schrute
61.2%
Hint Answer % Correct
'Cheers' SurnamesClavin, Crane, Chambers
57.6%
Primetime Comedy Emmy Award-winning Shows (1950s)I Love Lucy
57.6%
'Survivor' Countries (U.S. version)Gabon, Guatemala
54.7%
Jack Klugman Title RolesQuincy, M.E.
53.2%
'Futurama' SurnamesFry, Farnsworth
49.1%
Primetime Drama Emmy Award-winning Shows (1990s)L.A. Law, Law & Order
44%
2011-12 ABC Primetime ShowsDesperate Housewives, Dancing with the Stars
39.4%
All-time 'Saturday Night Live' Cast Members (surname)Hader, Hall, Hammond, Hartman, Hooks, Hutson, Hutsell
38.3%
'The Office' (U.K.) SurnamesBrent, Bishop
29.8%
'NCIS' First NamesZiva
22.7%
TV Guide Top 30 Shows (All time; list from 2002; exclude 'The')Tonight Show, Today, thirtysomething, Twilight Zone
16.1%
'Britain's Best Sitcom' Top 10 (All time; list from 2004)Only Fools and Horses, Open All Hours, One Foot in the Grave
11.6%
U.K. Sitcom(s) with Paul Eddington as Jim HackerYes Minister; Yes, Prime Minister
9.9%

You're not logged in!

Compare scores with friends on all Sporcle quizzes.
Join for Free
OR
Log In

You Might Also Like...

Show Comments

Extras

Created Apr 3, 2013ReportNominate
Tags:Letter Quiz, A-Z, bag

Top Quizzes Today


Score Distribution

Your Account Isn't Verified!

In order to create a playlist on Sporcle, you need to verify the email address you used during registration. Go to your Sporcle Settings to finish the process.

Report this User

Report this user for behavior that violates our Community Guidelines.

Details: